The meaning of evolution : a study of the history of life and of its significance for man /
Đã lưu trong:
| Príomhúdar: | |
|---|---|
| Formáid: | Sách giấy |
| Teanga: | English |
| Foilsithe: |
New Haven ; London :
Yale University Press,
1949.
|
| Clibeanna: |
Cuir Clib Leis
Gan Chlibeanna, Bí ar an gcéad duine leis an taifead seo a chlibeáil!
|
| Thư viện lưu trữ: | Thư viện Trường Đại học Đà Lạt |
|---|
| LEADER | 00701nam a2200265 4500 | ||
|---|---|---|---|
| 001 | DLU100113348 | ||
| 005 | ##20101116 | ||
| 040 | # | # | |a DLU |b vie |
| 041 | # | # | |a eng |
| 044 | # | # | |a us |
| 082 | # | # | |a 575 |b SI-G |
| 100 | # | # | |a Simpson, George Gaylord. |
| 245 | # | # | |a The meaning of evolution : |b a study of the history of life and of its significance for man / |c George Gaylord Simpson. |
| 260 | # | # | |a New Haven ; |a London : |b Yale University Press, |c 1949. |
| 300 | # | # | |a xv, 364 p. ; |c 21 cm. |
| 923 | # | # | |a 100/2010 |
| 992 | # | # | |a 0 |
| 994 | # | # | |a DLU |
| 900 | # | # | |a True |
| 911 | # | # | |a Lý Thị Hồng Hạnh |
| 925 | # | # | |a G |
| 926 | # | # | |a A |
| 927 | # | # | |a SH |
| 980 | # | # | |a Thư viện Trường Đại học Đà Lạt |